| 000 | 00000nam##2200000za#4500 |
| 001 | 9.532851 |
| 003 | CaOODSP |
| 005 | 20220328113239 |
| 007 | ta |
| 008 | 150406|1998||||xxc||||| f|0| 0 fre|d |
| 020 | |a0-662-64560-X |
| 040 | |aCaOODSP|bfre |
| 041 | |aeng |
| 041 | |afre |
| 043 | |an-cn--- |
| 086 | 1 |aC21-27/2-1998-3 |
| 110 | 1 |aCanada. |bIndustrie Canada. |
| 245 | 10|aLes conséquences du changement technologique pour les politiques de main-d'oeuvre / |cpar Julian R. Betts. |
| 260 | |aOttawa - Ontario : |bIndustrie Canada |c1998. |
| 300 | |aTexte français, 70p. : |bfigures, références ; |c23 cm. |
| 490 | 1 |aLe Canada au XXIe siècle. II, Ressources et technologie|vNo. 7 |
| 546 | |aBilingue |
| 563 | |aCouverture souple |
| 590 | |a99-43|b1999-10-29 |
| 691 | 07|aInnovation technologique|2gcpds |
| 691 | 07|aMarché du travail|2gcpds |
| 691 | 07|aFormation|2gcpds |
| 720 | 1 |aBetts, Julian R. |
| 776 | 0#|tThe implications of technological change for human resource policy / |w(CaOODSP)9.571953 |
| 776 | 0#|tLes conséquences du changement technologique pour les politiques de main-d'oeuvre / |w(CaOODSP)9.602373 |
| 791 | |tThe implications of technological change for human resources policy / |eeng|w(CaOODSP)9.532850 |
| 830 | #0|aLe Canada au XXIe siècle. II, Ressources et technologie ;|vNo. 7|w(CaOODSP)9.509061 |